000 01184nam a2200265Ia 4500
003 OSt
005 20220923211558.0
006 a|||||r|||| 00| 0
007 ta
008 220922b |||||||| |||| 00| 0 hin d
020 _a9789386223951 (hbk)
_c2500
024 _a324,728
037 _b314, 02/02/2018, Eastern Book Linkers
_cTextual
040 _aARTS
_cARTS
_bhin
041 _2hin
_ahin
082 _aND44,C9(Q2), 152Q8
100 _aश्रीवास्तव, ए. एल.
_9160847
245 0 _aप्रतिमा-श्रीः भारतीय मूर्तिकला एवं संस्कृति के कतिपय रोचक प्रसंग
246 _aPratimā-shrīah bhāratīya mūrtikalā evan sanskṛuti ke katipaya rochak prasanga
260 _aदिल्ली
_b बी. आर. पब्लिशिंग र्कोपोरेशन
_c2018
300 _a241पृ.
_ccm.
650 _aभारतीय शिल्पकला
_9157954
942 _hND44,C9(Q2), 152Q8
_cTEXL
_2CC
999 _c300968
_d300968